Normale Ansicht MARC-Ansicht ISBD

Geschichtsschreibung im Mittelalter : (Titelsatznr. 53797)

[ MARC ]
MARC-Details
000 -Satzkennung
Kontrollfeld mit fester Länge 00639nam a22002291c 4500
001 - Kontrollnummer
Kontrollfeld 021260540
003 - Kontrollnummer Identifier
Kontrollfeld RU-10907106
005 - Datum und Zeit der letzten Transaktion
Kontrollfeld 20210630115639.0
008 - Feld mit fester Länge zur physischen Beschreibung - Allgemeine Angaben
Kontrollfeld mit fester Länge 190531s1987 gw |||| 000u ger d
020 ## - Internationale Standardbuchnummer
Internationale Standardbuchnummer 3525332246
Verknüpfung 3-525-33224-6
040 ## - Katalogisierungsquelle
Übertragungsstelle RU-10907106
Original-Katalogisierungsstelle RU-10907106
Katalogisierungssprache ger
041 ## - Sprachcode
Sprachcode des Textes/der Tonspur oder des separaten Titels ger
100 1# - Haupteintragung - Personenname
Personenname Grundmann, Herbert
245 00 - Titel
Titel Geschichtsschreibung im Mittelalter :
Zusatz zum Titel Gattungen - Epochen - Eigenart /
Verfasserangabe etc. Herbert Grundmann
250 ## - Ausgabebezeichnung
Ausgabebezeichnung 4. Aufl.
264 ## - Produktion, Veröffentlichung, Distribution, Herstellung und Urheberrechtsvermerk
Datum der Herstellung, der Veröffentlichung, des Vertriebs oder des Urheberschutzvermerks 1987
300 ## - Physische Beschreibung
Umfang 91 Seiten
490 #0 - Gesamttitelangabe
Gesamttitelangabe Kleine Vandenhoeck-Reihe
Bandnummer/Folgebezeichnung 1209
648 ## - Nebeneintragung unter einem Schlagwort - Zeitschlagwort
Zeitschlagwort Mittelalter
650 #0 - Nebeneintragung unter einem Schlagwort - Sachschlagwort
Sachschlagwort oder geografischer Name als Eintragungselement Geschichtsschreibung
942 ## - Zusätzliche Felder (Koha)
Koha-Medientyp Monographien
Klassifikation oder Aufstellungssystematik Andere/Generische Klassifikation
Exemplare
Ausgeschieden Verloren Klassifikation oder Aufstellungssystematik Beschädigt Nicht entleihbar Heimatbibliothek Aufenthaltsbibliothek Aufstellungsort Erwerbungsdatum Inventarnummer Signatur Barcode Letzte Aktivität Preis gültig von Koha-Medientyp
    Andere/Generische Klassifikation     MWN Osteuropa MWN Osteuropa Lesesaal 31/05/2019 21-00771 G 40 aD Gru 2 E0040150790E6A6A 12/04/2021 22/03/2021 Monographien